| 000 | 01016cam a2200253 i 4500 | ||
|---|---|---|---|
| 003 | SA-RiAUC | ||
| 005 | 20250713070756.0 | ||
| 008 | 250710s1985 ua g 000 0 ara c | ||
| 020 | _a9771430270 | ||
| 040 |
_aKULIB _bara _cSA-RiAUC _erda |
||
| 082 | 0 | 4 | _a240 |
| 090 |
_a240 _bا ب ن ق |
||
| 100 | 1 |
_aابن قائد، عثمان بن أحمد بن سعيد، _d1022-1097 هجري _eمؤلف. |
|
| 245 | 1 | 0 |
_aنجاة الخلف في اعتقاد أهل السلف / _cابن قائد النجدي ؛ تحقيق أبو اليزيد العجمي. |
| 264 | 1 |
_aالقاهرة : _bدار الصحوة للنشر والتوزيع، _c1985 |
|
| 300 |
_a135 صفحة ؛ _c20 سم |
||
| 336 |
_aنص _btxt _2rdacontent _3كتاب |
||
| 337 |
_aبدون وسيط _bn _2rdamedia |
||
| 338 |
_aمجلد _bnc _2rdacarrier |
||
| 650 | 7 |
_aعلم الكلام _2aucsh |
|
| 700 | 1 |
_aالعجمي، أبو اليزيد أبو زيد، _d1942- _eمحقق. |
|
| 942 |
_2ddc _cBOOK _n0 |
||
| 949 |
_aSA-JeALM _d250710 _umohamedma123 _n1 |
||
| 999 |
_c9855 _d9855 |
||